[Event "Biel Chess Festival 2024 - Amateur tournament"]
[Site "Biel/Bienne"]
[Date "2024.07.25"]
[Round "9"]
[Board "4"]
[White "Titov, Dmitrii"]
[Black "Kulikov, Mikhail L"]
[Result "0-1"]
[WhiteElo "1899"]
[BlackElo "1947"]
[PlyCount "0"]
[EventDate "2024.07.16"]
[EventRounds "9"]
[EventCountry "SUI"]

1. d4 Nf6 2. Nf3 e6 3. e3 c5 4. c3 Nc6 5. Bd3 d5 6. Nbd2 Bd6 7. O-O O-O 8. Re1 e5
9. dxe5 Nxe5 10. Nxe5 Bxe5 11. h3 Re8 12. Qc2 b6 13. Rd1 Bb7 14. Nf3 Bc7 15. Be2
Qe7 16. b3 Rac8 17. Bb2 d4 18. Bc1 Nd5 19. c4 Nb4 20. Qd2 dxe3 21. fxe3 Rcd8 22.
Qc3 Rxd1+ 23. Bxd1 Bxf3 24. Bb2 f6 25. Bxf3 Be5 26. Qd2 Rd8 27. Qe2 Bxb2 28. Qxb2
Qxe3+ 29. Qf2 Qxf2+ 30. Kxf2 Rd2+ 31. Kg3 Nxa2 32. Re1 Kf8 33. Re3 Nb4 34. h4 Nc2
35. Rc3 Nd4 36. Kf4 Rb2 37. Ke4 Ke7 38. Kd5 Rd2 39. Ke4 Kd6 40. Ke3 Rb2 41. h5 h6
42. g4 Ke5 43. Bd1 Rg2 44. Rd3 a5 45. Rc3 Rg3+ 46. Kd2 Rxc3 47. Kxc3 Ke4 48. Kd2
Nf3+ 49. Ke2 Ne5  0-1

[Event "Biel Chess Festival 2024 - Amateur tournament"]
[Site "Biel/Bienne"]
[Date "2024.07.25"]
[Round "9"]
[Board "10"]
[White "Conrad, Vincent"]
[Black "Ernst, Heinz"]
[Result "1-0"]
[WhiteElo "1931"]
[BlackElo "1830"]
[PlyCount "0"]
[EventDate "2024.07.16"]
[EventRounds "9"]
[EventCountry "SUI"]

1. Nf3 d5 2. d4 e6 3. c4 c5 4. g3 Nc6 5. dxc5 Bxc5 6. Bg2 Nf6 7. O-O O-O 8. Bg5 Be7
9. Nd4 Nxd4 10. Qxd4 Qa5 11. h4 Rd8 12. Nc3 dxc4 13. Qxc4 Bd7 14. Rad1 Rac8 15. Qb3
b5 16. a3 Qb6 17. Ne4 Bc6 18. Nxf6+ gxf6 19. Be3 Qb7 20. Bxc6 Rxc6 21. Rxd8+ Bxd8
22. Qd3 Be7 23. Qe4 f5 24. Qf3 a6 25. Rd1 Qc8 26. Qh5 Bf6 27. Bg5 Bg7 28. Rd8+ Qxd8
29. Bxd8 Bxb2 30. Qg5+ Kf8 31. Be7+ Ke8 32. Bb4 f6 33. Qg8+ Kd7 34. Qxh7+ Kc8 35.
Kg2  1-0

[Event "Biel Chess Festival 2024 - Amateur tournament"]
[Site "Biel/Bienne"]
[Date "2024.07.25"]
[Round "9"]
[Board "22"]
[White "Jaggy, Enzo"]
[Black "Sushrutha, Reddy"]
[Result "0-1"]
[WhiteElo "1835"]
[BlackElo "1703"]
[PlyCount "0"]
[EventDate "2024.07.16"]
[EventRounds "9"]
[EventCountry "SUI"]

1. d4 Nf6 2. Nf3 d5 3. e3 c5 4. c3 Nc6 5. dxc5 Bg4 6. Be2 e5 7. b4 Qc7 8. Bb2 a6
9. O-O Be7 10. a3 O-O 11. Nbd2 Rfd8 12. Qc2 e4 13. Nd4 Nxd4 14. cxd4 Bxe2 15. Nxe4
Bxf1 16. Nxf6+ Bxf6 17. Rxf1 b6 18. Rc1 Rac8 19. Qa4 bxc5 20. Qxa6 c4 21. Rc3 Rd6
22. Qa4 Be7 23. Qd1 Rh6 24. g3 Qd7 25. Qf3 Rf6 26. Qg2 Qf5 27. Qf1 h5 28. h4 g5 29.
e4 dxe4 30. hxg5 Qxg5 31. Bc1 Qg4 32. b5 h4 33. a4 Bb4 34. Re3 hxg3 35. Rxg3 Qxg3+
36. fxg3 Rxf1+ 37. Kxf1 Ba5 38. Ke2 f5 39. Ke3 Kf7 40. d5 Kf6 41. Bb2+ c3 42. Bc1
 0-1

[Event "Biel Chess Festival 2024 - Amateur tournament"]
[Site "Biel/Bienne"]
[Date "2024.07.25"]
[Round "9"]
[Board "26"]
[White "Ehrsam, Andreas"]
[Black "Christoffersen, Odd"]
[Result "1/2-1/2"]
[WhiteElo "1793"]
[BlackElo "1638"]
[PlyCount "0"]
[EventDate "2024.07.16"]
[EventRounds "9"]
[EventCountry "SUI"]

1. d4 Nf6 2. Nf3 g6 3. e3 Bg7 4. g3 d5 5. Bg2 Bg4 6. c4 Bxf3 7. Bxf3 c6 8. cxd5 cxd5
9. Nc3 e6 10. O-O Nc6 11. Bd2 O-O 12. Rc1 Qe7 13. a3 Rfc8 14. b4 a6 15. Na4 Nd7 16.
Nc5 b5 17. Nxd7 Qxd7 18. h4 Ne7 19. Qb3 Nf5 20. Kg2 Nd6 21. Bc3 Ra7 22. Bb2 Rac7
23. Rxc7 Rxc7 24. Rh1 Qc8 25. Bd1 Nc4 26. Bc1 Nb6  1/2-1/2

[Event "Biel Chess Festival 2024 - Amateur tournament"]
[Site "Biel/Bienne"]
[Date "2024.07.25"]
[Round "9"]
[Board "32"]
[White "Lang, Jochen"]
[Black "Panda, Gyorgy"]
[Result "0-1"]
[WhiteElo "1755"]
[BlackElo "1713"]
[PlyCount "0"]
[EventDate "2024.07.16"]
[EventRounds "9"]
[EventCountry "SUI"]

1. d4 Nf6 2. Bf4 e6 3. Nf3 c5 4. e3 b6 5. Nbd2 cxd4 6. exd4 Bb7 7. Bd3 Be7 8. c3
d6 9. h3 O-O 10. O-O Re8 11. Re1 Bf8 12. Bg5 Nbd7 13. Qc2 h6 14. Bh4 Qc7 15. Be4
Nxe4 16. Nxe4 b5 17. Re3 Rac8 18. Rae1 a5 19. Nh2 Nb6 20. Nf6+ gxf6 21. Bxf6 Nd5
22. Rg3+ Bg7 23. Bxg7 f5 24. Bxh6+ Kh8 25. Rg7 Re7 26. Rxe7 Qxe7 27. Qe2 Rg8 28.
Nf3 Bc8 29. h4 Rg4 30. Qxb5 Bb7 31. Bg5 Qf7 32. Qe2 Nc7 33. Kh2 Qh5 34. g3 Bxf3 35.
Qxf3 Rxh4+ 36. Kg2 Rh2+  0-1

[Event "Biel Chess Festival 2024 - Amateur tournament"]
[Site "Biel/Bienne"]
[Date "2024.07.25"]
[Round "9"]
[Board "36"]
[White "Suwendo, Poedjo"]
[Black "Van Bogaert, Olivier"]
[Result "1/2-1/2"]
[WhiteElo "1727"]
[BlackElo "1815"]
[PlyCount "0"]
[EventDate "2024.07.16"]
[EventRounds "9"]
[EventCountry "SUI"]

1. e4 c6 2. f4 d5 3. e5 Bf5 4. d4 e6 5. Nf3 c5 6. c3 Nd7 7. b3 Ne7 8. Bb5 Nc6 9.
O-O Qb6 10. Bxc6 Qxc6 11. Nh4 g6 12. Nxf5 exf5 13. Be3 Be7 14. Nd2  1/2-1/2

[Event "Biel Chess Festival 2024 - Amateur tournament"]
[Site "Biel/Bienne"]
[Date "2024.07.25"]
[Round "9"]
[Board "42"]
[White "Materia, Mario"]
[Black "Linder, Ernst"]
[Result "1-0"]
[WhiteElo "1590"]
[BlackElo "1765"]
[PlyCount "0"]
[EventDate "2024.07.16"]
[EventRounds "9"]
[EventCountry "SUI"]

1. d4 d5 2. c4 e6 3. Nc3 Nf6 4. Bg5 Nbd7 5. e3 Be7 6. Nf3 O-O 7. Bd3 c6 8. O-O dxc4
9. Bxc4 b5 10. Bd3 Bb7 11. e4 Re8 12. e5 Nd5 13. Ne4 f6 14. exf6 N7xf6 15. Nxf6+
Bxf6 16. Bxf6 Qxf6 17. Ne5 Nf4 18. Be4 Rac8 19. Rc1 Nd5 20. Qd3 Qh6 21. Qf3 Rf8 22.
Qg3 Rf4 23. f3 Rh4 24. Ng4 Qg5 25. Qd6 Qe7 26. Qe5 Qf7 27. Bxd5 exd5 28. Qg5 Rxg4
29. fxg4 Qc7 30. Rce1 Qb6 31. Qe5 h6 32. h4 c5 33. Qe6+ Qxe6 34. Rxe6 Rc7 35. Re8+
Kh7 36. h5 g6 37. Rff8 gxh5 38. Rh8+ Kg7 39. Reg8+ Kf6 40. Rxh6+ Kf7 41. Rh7+ Kxg8
42. Rxc7 cxd4 43. Rxb7 hxg4 44. Kf2 a6 45. Ke2  1-0

[Event "Biel Chess Festival 2024 - Amateur tournament"]
[Site "Biel/Bienne"]
[Date "2024.07.25"]
[Round "9"]
[Board "44"]
[White "Harte, Bernd"]
[Black "Weihs, David"]
[Result "0-1"]
[WhiteElo "1592"]
[BlackElo "1733"]
[PlyCount "0"]
[EventDate "2024.07.16"]
[EventRounds "9"]
[EventCountry "SUI"]

1. d4 d5 2. c4 dxc4 3. e4 e5 4. d5 Nf6 5. f3 b5 6. Bg5 c6 7. a3 cxd5 8. exd5 Qxd5
9. Qxd5 Nxd5 10. Nc3 Nxc3 11. bxc3 a6 12. O-O-O Bxa3+ 13. Kc2 Bf5+ 14. Kd2 Nc6 15.
g4 Bg6 16. Bg2 f6 17. Be3 O-O 18. f4 exf4 19. Bxf4 Rad8+ 20. Ke1 Rfe8+ 21. Ne2 Bd3
22. Bf3 Ne5 23. Bxe5 Rxe5 24. Rd2 b4 25. Kf2 b3 26. Nc1 Bxc1 27. Rxc1 Rb8 28. Rb2
a5 29. Bc6 Rb6 30. Ba4 Rbe6  0-1

[Event "Biel Chess Festival 2024 - Amateur tournament"]
[Site "Biel/Bienne"]
[Date "2024.07.25"]
[Round "9"]
[Board "54"]
[White "Muehlemann, Walter"]
[Black "Ahn, Taehyun"]
[Result "1/2-1/2"]
[WhiteElo "1677"]
[BlackElo "1561"]
[PlyCount "0"]
[EventDate "2024.07.16"]
[EventRounds "9"]
[EventCountry "SUI"]

1. e4 c5 2. Nf3 Nf6 3. Nc3 Nc6 4. Bc4 d6 5. h3 e6 6. O-O Be7 7. d4 cxd4 8. Nxd4 Bd7
9. a3 Ne5 10. Ba2 Qb6 11. Rb1 Rc8 12. Be3  1/2-1/2

[Event "Biel Chess Festival 2024 - Amateur tournament"]
[Site "Biel/Bienne"]
[Date "2024.07.25"]
[Round "9"]
[Board "56"]
[White "Hottinger, Ieremia"]
[Black "Kim, Hyunwoo B"]
[Result "1-0"]
[WhiteElo "1523"]
[BlackElo "1462"]
[PlyCount "0"]
[EventDate "2024.07.16"]
[EventRounds "9"]
[EventCountry "SUI"]

1. e4 e5 2. Nf3 Nc6 3. Bc4 Bc5 4. d3 d6 5. c3 Nf6 6. Bg5 h6 7. Bh4 O-O 8. O-O Be6
9. Nbd2 Re8 10. b4 Bb6 11. a4 a6 12. Re1 Qe7 13. Qe2 Rad8 14. a5 Ba7 15. Kh1 Bg4
16. h3 Bh5 17. Rac1 Nb8 18. Nf1 Nbd7 19. Ne3 Bxe3 20. Qxe3 Bxf3 21. Qxf3 c6 22. d4
g5 23. Bg3 Nxe4 24. Qxe4 d5 25. Bxd5 cxd5 26. Qxd5 b6 27. axb6 Nxb6 28. Qxe5 Qxe5
29. Rxe5 Rxe5 30. Bxe5 Nd5 31. g4 Rc8 32. Kg2 f6 33. Bd6 Rxc3 34. Rxc3 Nxc3 35. Bc5
Kf7 36. Kg3 Ne4+ 37. Kf3 Nxc5 38. dxc5 Ke6 39. Ke4 Ke7 40. Kd5 Kd7 41. c6+ Kc7 42.
Kc5 a5 43. bxa5 h5 44. gxh5 g4 45. hxg4 f5 46. g5 f4 47. g6 f3 48. g7 Kd8 49. Kd6
Ke8 50. g8=Q#  1-0

[Event "Biel Chess Festival 2024 - Amateur tournament"]
[Site "Biel/Bienne"]
[Date "2024.07.25"]
[Round "9"]
[Board "57"]
[White "Choi, Juneho"]
[Black "Brandes, Stefan"]
[Result "1-0"]
[WhiteElo "1497"]
[BlackElo "1624"]
[PlyCount "0"]
[EventDate "2024.07.16"]
[EventRounds "9"]
[EventCountry "SUI"]

1. e4 c6 2. Nf3 d5 3. Nc3 dxe4 4. Nxe4 Nf6 5. Ng3 h5 6. Bc4 h4 7. Ne2 Bg4 8. Nc3
h3 9. g3 e5 10. Bxf7+ Kxf7 11. Nxe5+ Kg8 12. Nxg4 Qd4 13. Nxf6+ Qxf6 14. d3 Bc5 15.
Ne4 Qf5 16. Nxc5 Qxc5 17. Qe2 Nd7 18. Qe6+ Kh7 19. Qxh3+ Kg8 20. Qxd7 Rf8 21. Qe6+
Kh7 22. Qe4+ Rf5 23. g4 Qxf2+ 24. Kd1 Qf3+ 25. Qxf3 Rxf3 26. Ke2 Rhf8 27. Be3 Rh3
28. Bxa7 Re8+ 29. Kd2 Re6 30. Rae1 Rxe1 31. Kxe1  1-0